[Event "HUN-chT2 Szechenyi 2324"]
[Site "Hungary"]
[Date "2024.05.12"]
[Round "9.11"]
[White "Sarok, Peter Jr"]
[Black "Bedi, Bence"]
[Result "0-1"]
[WhiteElo "1735"]
[BlackElo "1664"]
[PlyCount "40"]
[EventDate "2023.10.08"]
[EventType "team-tourn"]
[EventRounds "9"]
[EventCountry "HUN"]
[SourceTitle "EXT 2025"]
[Source "ChessBase"]
[SourceDate "2024.10.14"]
[SourceVersion "1"]
[SourceVersionDate "2024.10.14"]
[SourceQuality "1"]
[WhiteTeam "Kisber Aszar"]
[BlackTeam "Csuti Baki Agrocentrum"]
[WhiteTeamCountry "HUN"]
[BlackTeamCountry "HUN"]

1. d4 Nf6 2. Nf3 e6 3. c4 Bb4+ 4. Nc3 0-0 5. Bg5 h6 6. Bh4 c5 7. a3 cxd4 8. Qxd4 Nc6 9. Qd1 Be7 10. e3 b6 11. Be2 Bb7 12. 0-0 Rc8 13. Rc1 Na5 14. Nb5 Ra8 15. Nd6 Ba6 16. Ne5 Qc7 17. Ndxf7 d6 18. Bf3 Rac8 19. Bxf6 Bxf6 20. Qxd6 Bxe5 0-1

[Event "HUN-chT2 Szechenyi 2324"]
[Site "Hungary"]
[Date "2024.03.03"]
[Round "5.10"]
[White "Sarok, Peter Jr"]
[Black "Torok, Gyula"]
[Result "1-0"]
[WhiteElo "1734"]
[BlackElo "1615"]
[PlyCount "97"]
[EventDate "2023.10.08"]
[EventType "team-tourn"]
[EventRounds "9"]
[EventCountry "HUN"]
[SourceTitle "EXT 2025"]
[Source "ChessBase"]
[SourceDate "2024.10.14"]
[SourceVersion "1"]
[SourceVersionDate "2024.10.14"]
[SourceQuality "1"]
[WhiteTeam "Kisber Aszar"]
[BlackTeam "Tapolca VSE II"]
[WhiteTeamCountry "HUN"]
[BlackTeamCountry "HUN"]

1. d4 d5 2. c4 e6 3. Nc3 Nf6 4. Nf3 Nbd7 5. Bg5 b6 6. cxd5 exd5 7. Nxd5 Be7 8. Nxe7 Qxe7 9. e3 0-0 10. Be2 Qb4+ 11. Qd2 Qxd2+ 12. Kxd2 Bb7 13. Bxf6 Nxf6 14. Rhc1 Rac8 15. Rc2 Ne4+ 16. Ke1 c5 17. Rac1 Rc7 18. dxc5 Nxc5 19. b4 Be4 20. Rc3 Bxf3 21. gxf3 Rd8 22. bxc5 Rdc8 23. Ba6 Rd8 24. c6 Kf8 25. Rd1 Re8 26. Rd7 Rxd7 27. cxd7 Rd8 28. Bc8 a6 29. Rc6 Ke7 30. Rxb6 a5 31. Ra6 g5 32. Rxa5 h6 33. Rb5 f6 34. a4 Kd6 35. a5 Kc6 36. Rb1 h5 37. a6 Rxd7 38. Bxd7+ Kxd7 39. a7 Ke7 40. a8Q Kf7 41. Qd5+ Kg6 42. Rb7 g4 43. Qf7+ Kg5 44. f4+ Kh4 45. Qxf6+ Kh3 46. Rh7 Kxh2 47. Rxh5+ Kg1 48. Qh4 g3 49. Qh1# 1-0

[Event "HUN-chT2 Szechenyi 2324"]
[Site "Hungary"]
[Date "2024.02.18"]
[Round "4.11"]
[White "Sarok, Peter Jr"]
[Black "Markovicz, Gyorgy"]
[Result "1-0"]
[WhiteElo "1546"]
[BlackElo "1323"]
[PlyCount "97"]
[EventDate "2023.10.08"]
[EventType "team-tourn"]
[EventRounds "9"]
[EventCountry "HUN"]
[SourceTitle "EXT 2025"]
[Source "ChessBase"]
[SourceDate "2024.10.14"]
[SourceVersion "1"]
[SourceVersionDate "2024.10.14"]
[SourceQuality "1"]
[WhiteTeam "Kisber Aszar"]
[BlackTeam "Sarvar"]
[WhiteTeamCountry "HUN"]
[BlackTeamCountry "HUN"]

1. d4 d5 2. c4 dxc4 3. Nc3 e6 4. e3 Nf6 5. Nf3 Bd6 6. Bxc4 a6 7. 0-0 b5 8. Bd3 Bb7 9. Re1 0-0 10. e4 Be7 11. Qc2 Ne8 12. Be3 Nc6 13. Rac1 Nb4 14. Qd2 Nxd3 15. Qxd3 c5 16. Rcd1 c4 17. Qc2 Rc8 18. d5 exd5 19. Nxd5 Bxd5 20. Rxd5 Qa5 21. a3 g6 22. Rd7 Bf6 23. b4 Qxa3 24. Bc5 Qb3 25. Qxb3 cxb3 26. e5 Bh8 27. Rb1 Ng7 28. Bxf8 Kxf8 29. Kf1 Rc3 30. Ke2 Ne6 31. g3 a5 32. bxa5 Rc2+ 33. Rd2 Rc3 34. a6 Bg7 35. a7 Nc7 36. Rd7 Rc2+ 37. Nd2 Bxe5 38. Rxc7 Rxc7 39. a8Q+ Kg7 40. Rxb3 Re7 41. Kf1 h5 42. Rxb5 Bf6 43. Rb8 Kh7 44. Ne4 Bg7 45. Ng5+ Kh6 46. h4 f6 47. Rh8+ Bxh8 48. Qxh8+ Rh7 49. Qxh7# 1-0

[Event "HUN-chT2 Szechenyi 2223"]
[Site "Hungary"]
[Date "2022.11.20"]
[Round "1.11"]
[White "Sarok, Peter Jr"]
[Black "Andras, Ferenc"]
[Result "1-0"]
[WhiteElo "1433"]
[BlackElo "1341"]
[PlyCount "103"]
[EventDate "2022.11.20"]
[EventType "team-tourn"]
[EventRounds "9"]
[EventCountry "HUN"]
[SourceTitle "EXT 2025"]
[Source "ChessBase"]
[SourceDate "2024.10.14"]
[SourceVersion "1"]
[SourceVersionDate "2024.10.14"]
[SourceQuality "1"]
[WhiteTeam "Kisber Aszar"]
[BlackTeam "Sarvar"]
[WhiteTeamCountry "HUN"]
[BlackTeamCountry "HUN"]

1. d4 f5 2. c4 Nf6 3. Nc3 g6 4. Nf3 Bg7 5. g3 0-0 6. Bg2 d6 7. 0-0 Qe8 8. Nb5 Na6 9. Bf4 c6 10. Nc3 Nc7 11. Qd2 Be6 12. b3 Bf7 13. Bh6 e5 14. Bxg7 Kxg7 15. dxe5 dxe5 16. e4 fxe4 17. Ng5 Ne6 18. Ncxe4 Qe7 19. Nxe6+ Bxe6 20. Qb2 Bf5 21. Rae1 Rae8 22. Nxf6 Qxf6 23. Re3 Rf7 24. Rfe1 Rfe7 25. f4 e4 26. Qxf6+ Kxf6 27. h3 Rd7 28. g4 Be6 29. Rxe4 Ree7 30. g5+ Kf7 31. h4 Bf5 32. Rxe7+ Rxe7 33. Rxe7+ Kxe7 34. c5 Ke6 35. Kf2 Kd7 36. Ke3 Ke7 37. Bf3 Ke6 38. Kd4 Bh3 39. h5 Kf5 40. hxg6 hxg6 41. Ke3 a5 42. Be4+ Ke6 43. Kd4 Kf7 44. Ke5 Bg4 45. Kd6 Be2 46. Kc7 Ba6 47. Kb6 Kg7 48. Bxc6 bxc6 49. Kxa6 Kf7 50. Kb6 Ke6 51. Kxc6 Kf5 52. Kb6 1-0

[Event "HUN-chT2 Szechenyi 2122"]
[Site "Hungary"]
[Date "2022.02.27"]
[Round "7.11"]
[White "Szalai, Istvan"]
[Black "Sarok, Peter Jr"]
[Result "0-1"]
[WhiteElo "1718"]
[BlackElo "1394"]
[PlyCount "72"]
[EventDate "2021.10.10"]
[EventType "team-tourn"]
[EventRounds "9"]
[EventCountry "HUN"]
[SourceTitle "EXT 2025"]
[Source "ChessBase"]
[SourceDate "2024.10.14"]
[SourceVersion "1"]
[SourceVersionDate "2024.10.14"]
[SourceQuality "1"]
[WhiteTeam "Spartacus Sportkor"]
[BlackTeam "Kisber Aszar"]
[WhiteTeamCountry "HUN"]
[BlackTeamCountry "HUN"]

1. e4 e5 2. Nf3 Nc6 3. Bc4 Bc5 4. 0-0 Nf6 5. Nc3 d6 6. h3 0-0 7. d3 h6 8. Be3 Bb6 9. Bxb6 axb6 10. a3 Be6 11. Ne2 Bxc4 12. dxc4 Nxe4 13. Qd5 Nf6 14. Qd2 Qe7 15. Rad1 Qe6 16. Qc3 Ra4 17. Qb3 Qxc4 18. Qxc4 Rxc4 19. Nc3 Ne4 20. Nd5 Rc8 21. c3 Nf6 22. Ne3 Rc5 23. Rfe1 Ra5 24. Nf5 Raa8 25. Kf1 Re8 26. Re3 Rad8 27. Nh2 Ne7 28. Ng3 Ng6 29. Nf5 d5 30. Red3 c5 31. b3 b5 32. Rf3 Kh7 33. Rg3 d4 34. Rgd3 Nf4 35. Rf3 g6 36. Ng3 N6d5 0-1

[Event "HUN-chT2 Szechenyi 2122"]
[Site "Hungary"]
[Date "2021.12.19"]
[Round "4.10"]
[White "Szoke, Kristof"]
[Black "Sarok, Peter Jr"]
[Result "1-0"]
[WhiteElo "1571"]
[BlackElo "1397"]
[PlyCount "69"]
[EventDate "2021.10.10"]
[EventType "team-tourn"]
[EventRounds "9"]
[EventCountry "HUN"]
[SourceTitle "EXT 2025"]
[Source "ChessBase"]
[SourceDate "2024.10.14"]
[SourceVersion "1"]
[SourceVersionDate "2024.10.14"]
[SourceQuality "1"]
[WhiteTeam "Tapolca VSE"]
[BlackTeam "Kisber Aszar"]
[WhiteTeamCountry "HUN"]
[BlackTeamCountry "HUN"]

1. e4 e5 2. Nf3 Nc6 3. Bc4 Bc5 4. c3 Nf6 5. d3 h6 6. b4 Bd6 7. Be3 0-0 8. h3 b6 9. 0-0 Bb7 10. Qd2 a6 11. Nh4 Nxe4 12. dxe4 Qxh4 13. f3 Kh8 14. Bxb6 f5 15. Bf2 Qe7 16. Bd5 f4 17. Na3 a5 18. Nc4 axb4 19. Nxd6 bxc3 20. Qxc3 Qxd6 21. Bc5 Qf6 22. Bxf8 Rxf8 23. Rfb1 Ba8 24. Rb2 Rc8 25. Rab1 Nd4 26. Bxa8 Rxa8 27. Rb8+ Rxb8 28. Rxb8+ Kh7 29. Qc4 Qh4 30. Rb1 Qg3 31. Qf1 c5 32. a4 c4 33. Rc1 c3 34. Rxc3 Nxf3+ 35. Rxf3 1-0

[Event "HUN-chT2 Breyer 1718"]
[Site "Hungary"]
[Date "2017.10.29"]
[Round "3.11"]
[White "Sarok, Peter Jr"]
[Black "Forgacs, Andras"]
[Result "0-1"]
[WhiteElo "1216"]
[BlackElo "1697"]
[PlyCount "142"]
[EventDate "2017.09.24"]
[EventType "team-tourn"]
[EventRounds "11"]
[EventCountry "HUN"]
[SourceTitle "EXT 2021"]
[Source "ChessBase"]
[SourceDate "2020.10.23"]
[SourceVersion "1"]
[SourceVersionDate "2020.10.23"]
[SourceQuality "1"]
[WhiteTeam "Kisber Aszar"]
[BlackTeam "Biatorbagy"]
[WhiteTeamCountry "HUN"]
[BlackTeamCountry "HUN"]

1. e4 c6 2. d4 d5 3. exd5 cxd5 4. Nc3 Nc6 5. Nf3 Bg4 6. Be2 e6 7. 0-0 Bd6 8. Be3 Qb6 9. Nb5 Bb8 10. Ne5 Bxe2 11. Qxe2 a6 12. Nxc6 bxc6 13. Nc3 Qxb2 14. Qd3 Qb4 15. Rab1 Qc4 16. Qxc4 dxc4 17. Rb6 Ne7 18. Rb4 Bd6 19. Rxc4 Kd7 20. Na4 Rhb8 21. Rc3 Nd5 22. Rb3 Rb5 23. Bd2 Rab8 24. Rfb1 Nb6 25. Nxb6+ R8xb6 26. c4 Rxb3 27. Rxb3 Rxb3 28. axb3 e5 29. dxe5 Bxe5 30. h3 Kd6 31. Kf1 Kc5 32. Ke2 Kd4 33. Bb4 c5 34. Bd2 Bd6 35. Ba5 Bf4 36. Be1 Bc1 37. f3 Ba3 38. Ba5 f5 39. g4 g6 40. Bd2 h5 41. gxf5 gxf5 42. Ba5 Bc1 43. Be1 Ba3 44. Ba5 Bb2 45. Be1 Ba3 46. Ba5 Bc1 47. Be1 Ba3 48. Ba5 Bb2 49. Be1 Ba3 50. Ba5 Bc1 51. Be1 Ba3 52. Ba5 Bb2 53. Be1 Ba3 54. Ba5 Bc1 55. Be1 Ba3 56. Ba5 Bb2 57. Kd2 Ba1 58. Bb6 Bc3+ 59. Ke2 Bb4 60. Bd8 Kc3 61. Bf6+ Kxb3 62. Ke3 Bc3 63. Bd8 a5 64. Bxa5 Bxa5 65. Kd3 Bc3 66. Ke3 Be5 67. f4 Bd4+ 68. Kf3 h4 69. Ke2 Kxc4 70. Kd2 Kd5 71. Kd3 c4+ 0-1